000 00325nam a2200109Ia 4500
008 171211s9999 xx 000 0 und d
245 _aWhy Cats Paint: A Theory of Feline Aesthetics
245 _cBurton Silver and Heather Busch
260 _c2006
650 _xANIMALS
856 _uhttp://down.ebook777.com/056/0898156122.pdf
999 _c348432
_d348432